Cyclisme : Qui est le cycliste ? #1 (France) - Statistiques

Statistiques générales
  • Ce quiz a été pris 361 fois
  • Le résultat moyen est 8 sur 16
Statistiques - réponses
Par images Réponse % Correct
Lenny Martinez
94%
Christophe Laporte
90%
Victor Lafay
78%
Julien Bernard
64%
Paul Magnier
64%
Mathieu Burgaudeau
60%
Rudy Molard
56%
Anthony Perez
47%
Eddy Le Huitouze
38%
Romain Combaud
36%
Hugo Hofstetter
31%
Alexis Gougeard
30%
Axel Laurance
26%
Andrea Mifsud
21%
Anthony Delaplace
18%
Axel Baudin
17%
Aucun quiz correspondant
Distribution des résultats
% des personnes avec chaque résultat
Percentile par nombre de réponses
Votre historique - résultats
Vous n’avez pas pris ce quiz